| 000 | 00545nam a2200205Ia 4500 | ||
|---|---|---|---|
| 999 |
_c2208 _d2208 |
||
| 003 | OSt | ||
| 005 | 20210629114622.0 | ||
| 008 | 151015s9999 xx 000 0 und d | ||
| 020 | _a534597548 | ||
| 040 |
_aMMU _beng _cMMU _dMMU |
||
| 050 | _aBF 713 .K336 2000 | ||
| 100 | _aKail V. Robert | ||
| 245 |
_aHuman Development A life -span view / _cRobert V. Kail |
||
| 250 | _a3rd ed. | ||
| 260 |
_aSingapore : _bThomson, _c2000. |
||
| 300 | _a751 p. : | ||
| 500 | _aIncludes index. | ||
| 650 | _adevelopment | ||
| 942 |
_2lcc _cLOAN LOAN _e3rd ed. |
||